000 00630nam a2200217 a 4500
001 6419
003 BD-RjUL
005 20211208234235.0
008 171108r19881980ii a m 000|0 eng d
035 _a(BD-RjUL)6459
040 _aBD-RjUL
_beng
_cBD-RjUL
041 _aeng
082 _a571.92
_bMEP 1988
100 _a Mehrotra, R S.
_9219372
245 _aPlant Pathology /
_cR. S. Mehrotra
260 _aNew Delhi :
_bTata McGraw-Hill Pub.,
_c1980 [Reprint 1988].
300 _axv, 771 p. :
_bill. ;
_c26 cm.
504 _aIncludes bibliographical references and Index
650 _aPlant diseases.
_9219373
942 _2ddc
_cBK
999 _c6419
_d6419